000 00680nam a2200265Ia 4500
008 181129s9999 xx 000 0 und d
020 _a9780590847797
050 _bM393 1997
100 _aMarzollo, Jean
245 0 _aI'm a caterpillar /
245 0 _cby Jean Marzollo ; illustrated by Judith moffatt.
260 _aNew York, NY :
260 _bScholastic,
260 _c1997
300 _aunpaged :
300 _bcolor illustrations ;
300 _c23cm.
440 _aBeginning reader level 1.
500 _aBR
650 _aButterflies -- Life cycles.
650 _aCaterpillars.
700 _aMoffatt, Judith.
700 _aSeries.
700 _aTitle.
999 _c359943
_d359943